Games of many nations / (Record no. 6231)

MARC details
000 -LEADER
fixed length control field 00755cam a22002651 4500
001 - CONTROL NUMBER
control field 6045842
003 - CONTROL NUMBER IDENTIFIER
control field GBCCL
005 - DATE AND TIME OF LATEST TRANSACTION
control field 20241126110558.0
008 - FIXED-LENGTH DATA ELEMENTS--GENERAL INFORMATION
fixed length control field 740909s1954 tnua 000 0 eng
010 ## -
-- 54008238
020 ## - INTERNATIONAL STANDARD BOOK NUMBER
International Standard Book Number 0687139902
035 ## - SYSTEM CONTROL NUMBER
System control number (OCoLC)1001294
040 ## - CATALOGING SOURCE
Original cataloging agency DLC
Transcribing agency VtU
Modifying agency OCoLC
-- FTaSU
-- DLC
042 ## -
-- premarc
050 00 -
-- GV1201
-- .H38
082 ## - DEWEY DECIMAL CLASSIFICATION NUMBER
Classification number 790.1
Item number HAR
100 1# - MAIN ENTRY--PERSONAL NAME
Personal name Harbin, E. O.
Fuller form of name (Elvin Oscar),
Dates associated with a name 1885-
9 (RLIN) 11176
245 10 - TITLE STATEMENT
Title Games of many nations /
Statement of responsibility, etc. E. O. Harbin
260 ## - PUBLICATION, DISTRIBUTION, ETC.
Place of publication, distribution, etc. Nashville:
Name of publisher, distributor, etc. Abingdon Press,
Date of publication, distribution, etc. [1954]
300 ## - PHYSICAL DESCRIPTION
Extent 160 p.
Other physical details ill., maps,
Dimensions 22 cm.
650 #0 - SUBJECT ADDED ENTRY--TOPICAL TERM
Topical term or geographic name entry element Games.
9 (RLIN) 11177
650 #0 - SUBJECT ADDED ENTRY--TOPICAL TERM
Topical term or geographic name entry element Games
General subdivision Juvenile literature
9 (RLIN) 11178
906 ## - LOCAL DATA ELEMENT F, LDF (RLIN)
a 7
b cbc
c oclcrpl
d u
e ncip
f 19
g y-gencatlg
942 ## - ADDED ENTRY ELEMENTS (KOHA)
Source of classification or shelving scheme Dewey Decimal Classification
Koha item type Books
Holdings
Withdrawn status Lost status Source of classification or shelving scheme Damaged status Not for loan Home library Current Library Shelving location Date acquired Total checkouts Full call number Barcode Date last seen Copy number Price effective from Koha item type
    Dewey Decimal Classification     GRACE BIBLE COLLEGE GRACE BIBLE COLLEGE General Studies 2018-05-04   790.1 HAR 008029 2025-05-01 c.1 2018-05-04 Books
© Grace Bible College Library 2025